[Event "Let's Play Chess!"]
[Site "http://www.queenalice.com/game.php?id=139336"]
[Date "2006.12.10"]
[Round "-"]
[White "lilpawn"]
[Black "CampbellMarcel"]
[Result "0-1"]
[WhiteElo "1165"]
[BlackElo "1903"]

1. e4 e6 2. e5 d5 3. d4 Nc6 4. Qd3 Nge7 5. Bg5 h6 6. Bh4 g5 7. Bg3 Nf5 8. Qb5
Nxd4 9. Qd3 Bg7 10. Nc3 Nf5 11. Nb5 a6 12. Nd4 Ncxd4 13. Qc3 f6 14. Qc5 b6 15.
exf6 Bxf6 16. Qc6+ Nxc6 17. Bxc7 Qxc7 18. Rd1 Qe5+ 19. Kd2 Qxb2 20. Nf3 Nfd4 21.
Nxd4 Nxd4 22. Ke1 Nxc2+ 23. Ke2 Nd4+ 24. Ke1 O-O 25. h4 gxh4 26. Rh3 Nc2+ 27.
Ke2 Nd4+ 28. Ke1 Bg5 29. Rxd4 Qxd4 30. Rf3 Qd2# 0-1

[Event "Challenge"]
[Site "http://www.queenalice.com/game.php?id=139375"]
[Date "2006.12.10"]
[Round "-"]
[White "claudiocaire"]
[Black "lilpawn"]
[Result "1-0"]
[WhiteElo "1462"]
[BlackElo "1235"]

1. e4 e5 2. Qf3 Qe7 3. Bc4 Qf6 4. Qc3 b6 5. Bd5 Be7 6. Bxa8 Qf4 7. Qxc7 d5 8.
Qxc8+ Bd8 9. Qxb8 Qxe4+ 10. Ne2 Qxc2 11. Qxe5+ Kf8 12. Bxd5 Qxc1+ 13. Nxc1 Nf6
14. O-O Ng4 15. Qd6+ Be7 16. Qd7 Nf6 17. Qc8+ Bd8 18. Qxd8+ Ne8 19. Bc6 f6 20.
Qxe8# 1-0

[Event "Challenge"]
[Site "http://www.queenalice.com/game.php?id=139391"]
[Date "2006.12.10"]
[Round "-"]
[White "debia"]
[Black "lilpawn"]
[Result "1-0"]
[WhiteElo "1250"]
[BlackElo "1181"]

1. e3 e5 2. d4 Nc6 3. c3 f5 4. Nf3 Qg5 5. Nxg5 Be7 6. Nf3 e4 7. Nfd2 Bh4 8. g3
Bg5 9. h4 Bf6 10. d5 Ne5 11. Be2 Nd3+ 12. Bxd3 exd3 13. O-O d6 14. Nc4 Ne7 15.
Qxd3 a5 16. e4 fxe4 17. Qxe4 Ra6 18. Bg5 h6 19. Bxf6 gxf6 20. Re1 Rg8 21. Qxe7#
1-0

[Event "Let's Play Chess!"]
[Site "http://www.queenalice.com/game.php?id=142921"]
[Date "2006.12.18"]
[Round "-"]
[White "lilpawn"]
[Black "Milton"]
[Result "0-1"]
[WhiteElo "1180"]
[BlackElo "1224"]

1. e4 e5 2. a4 Nf6 3. Nf3 Bc5 4. Bc4 d6 5. Ng5 O-O 6. h4 b6 7. b3 Bb7 8. Qf3 Nc6
9. Qf5 Nd4 10. Qxh7+ Nxh7 11. Nxh7 Kxh7 12. h5 Nxc2+ 13. Kd1 Nxa1 14. g4 Bb4 15.
h6 gxh6 16. g5 Qxg5 17. Be2 Nxb3 18. Ke1 Nxc1 19. Kd1 Nb3 20. Rh3 Nxd2 21. Rd3
Nxb1 22. Rb3 Qd2# 0-1

[Event "Challenge"]
[Site "http://www.queenalice.com/game.php?id=143760"]
[Date "2006.12.19"]
[Round "-"]
[White "gianfelippe"]
[Black "lilpawn"]
[Result "1-0"]
[WhiteElo "1264"]
[BlackElo "1165"]

1. e4 e5 2. Bc4 b5 3. Bxb5 c6 4. Be2 c5 5. Nf3 Nf6 6. Nxe5 Nxe4 7. d3 Be7 8.
dxe4 Bh4 9. O-O Bf6 10. Ng4 Bh4 11. Qd5 O-O 12. Qxa8 Ba6 13. Bxa6 Qa5 14. Bd3
Nc6 15. Qb7 Qd8 16. e5 Nd4 17. Qxa7 Re8 18. Qxc5 Nc6 19. Qc4 Na5 20. Qe4 Qg5 21.
Bxg5 Bxg5 22. Qd5 Nc6 23. Qxd7 Rd8 24. Qxc6 Rf8 25. Qe4 f5 26. Qd5+ Kh8 27. Ne3
f4 28. Qe4 fxe3 29. Qxh7# 1-0

[Event "Let's Play Chess!"]
[Site "http://www.queenalice.com/game.php?id=394658"]
[Date "2008.4.28"]
[Round "-"]
[White "lilpawn"]
[Black "Mehiel"]
[Result "0-1"]
[WhiteElo "1108"]
[BlackElo "1598"]

1. e4 e5 2. Nf3 d6 3. Bb5+ Bd7 4. c4 a6 5. a4 axb5 6. cxb5 Be7 7. d3 Nf6 8. Ng5
O-O 9. h4 Bg4 10. f3 Bd7 11. Nc3 Nh5 12. f4 Ng3 13. Rh3 Bxh3 14. gxh3 exf4 15.
Qf3 Bxg5 16. Qg4 Bxh4 17. Qxh4 Qxh4 18. Bxf4 Qxf4 19. Rd1 Qf1+ 20. Kd2 Qxh3 21.
Rg1 Qh2+ 22. Kc1 Qxg1+ 23. Nd1 Rxa4 24. d4 Ra1+ 25. Kc2 Qxd1+ 26. Kc3 Nxe4+ 27.
Kb4 Qxd4+ 28. Kb3 Qa4# 0-1

[Event "Challenge"]
[Site "http://www.queenalice.com/game.php?id=394668"]
[Date "2008.4.28"]
[Round "-"]
[White "ORNELAS"]
[Black "lilpawn"]
[Result "1-0"]
[WhiteElo "1243"]
[BlackElo "1131"]

1. d4 Nc6 2. Nf3 d5 3. c3 b5 4. Bg5 h6 5. Bh4 g5 6. Bg3 g4 7. Nh4 Nf6 8. Qd3 e5
9. Qxb5 Bd7 10. dxe5 Nh5 11. Qxd5 Be6 12. Qxc6+ Bd7 13. Qe4 Qe7 14. Qxa8+ Qd8
15. Qxd8+ Kxd8 16. Nd2 Bc5 17. Rd1 Re8 18. e3 Ba4 19. b3 f6 20. bxa4 Re7 21. Nf5
Rd7 22. Bb5 Rd5 23. Bc6 Rd3 24. Bb5 Rxc3 25. O-O Ba3 26. Ne4+ Kc8 27. Ba6+ Kb8
28. Rd8# 1-0

[Event "Challenge"]
[Site "http://www.queenalice.com/game.php?id=394740"]
[Date "2008.4.28"]
[Round "-"]
[White "ORNELAS"]
[Black "lilpawn"]
[Result "1-0"]
[WhiteElo "1255"]
[BlackElo "1119"]

1. e4 e5 2. d3 d5 3. Nd2 d4 4. Ngf3 Nd7 5. c4 Nb6 6. Nxe5 f6 7. Qh5+ g6 8. Nxg6
Bg4 9. Qxg4 hxg6 10. Qxg6+ Ke7 11. g3 Kd7 12. Qf5+ Ke8 13. Qg6+ Ke7 14. c5 Nh6
15. cxb6 Rg8 16. Qh7+ Rg7 17. Qxh6 Kd7 18. Nc4 cxb6 19. Bh3+ Kc7 20. Qf4+ Bd6
21. Nxd6 Qxd6 22. Qxd6+ Kxd6 23. Bf4+ Ke7 24. Rc1 Rh7 25. Rc7+ Kf8 26. Rxh7 Re8
27. Bd6+ Kg8 28. Rxb7 f5 29. Bxf5 Kh8 30. Rxa7 Rd8 31. Be5+ Kg8 32. O-O Re8 33.
Rg7+ Kf8 34. Bf6 Re5 35. Bxe5 b5 36. Rc1 1-0

[Event "Challenge"]
[Site "http://www.queenalice.com/game.php?id=394788"]
[Date "2008.4.28"]
[Round "-"]
[White "mmarco"]
[Black "lilpawn"]
[Result "1-0"]
[WhiteElo "1210"]
[BlackElo "1104"]

1. d4 d5 2. e3 f5 3. Bb5+ c6 4. Be2 Qa5+ 5. c3 b5 6. Bd2 g5 7. c4 b4 8. Qb3 Na6
9. a3 c5 10. cxd5 Bd7 11. Bxa6 Qxa6 12. Nf3 Nf6 13. Ne5 Bb5 14. d6 Be2 15. Qf7+
Kd8 16. d7 Qd6 17. Kxe2 Ne4 18. axb4 e6 19. bxc5 Qe7 20. Ba5# 1-0

[Event "Let's Play Chess!"]
[Site "http://www.queenalice.com/game.php?id=395100"]
[Date "2008.4.29"]
[Round "-"]
[White "lilpawn"]
[Black "FlorentC"]
[Result "0-1"]
[WhiteElo "1104"]
[BlackElo "1500"]

1. e4 e5 2. c4 Nf6 3. Qa4 Nc6 4. c5 a6 5. h4 Bxc5 6. Rh3 d6 7. Rd3 Bd7 8. Nf3
Nd4 9. Ng5 Bxa4 10. b3 Bb5 11. Rc3 Qd7 12. a4 Bxf1 13. Kxf1 h6 14. Nh3 O-O 15.
Rg3 Nxe4 16. Rd3 Qf5 17. Nc3 Nc2 18. Rf3 Qg4 19. Rf5 Qxf5 20. f4 Nxa1 21. d4
Nxc3 22. Nf2 Bxd4 23. g4 Qc2 24. Ne4 Nxe4 25. fxe5 Qf2# 0-1

[Event "Let's Play Chess!"]
[Site "http://www.queenalice.com/game.php?id=395101"]
[Date "2008.4.29"]
[Round "-"]
[White "lilpawn"]
[Black "SRIVERO"]
[Result "0-1"]
[WhiteElo "1106"]
[BlackElo "1732"]

1. e4 c5 2. Qh5 Nf6 3. Qxc5 Nxe4 4. Qd4 Nf6 5. Bb5 a6 6. Ba4 b5 7. Bb3 Nc6 8.
Qc5 e6 9. Qe3 d5 10. h4 Ng4 11. Qg3 e5 12. Rh3 Nf6 13. Nc3 Bxh3 14. Qxh3 Nd4 15.
Nge2 Nxb3 16. cxb3 Bc5 17. Qf5 Qe7 18. d4 exd4 19. Nd1 O-O 20. b4 Bxb4+ 21. Bd2
Bxd2+ 22. Kxd2 Rac8 23. Rc1 Ne4+ 24. Ke1 Rxc1 25. Nxc1 Qb4+ 26. Nc3 dxc3 27.
Qxd5 cxb2+ 28. Ke2 Nc3+ 29. Kf1 bxc1=Q+ 30. Qd1 Qxd1# 0-1

[Event "Challenge"]
[Site "http://www.queenalice.com/game.php?id=395246"]
[Date "2008.4.29"]
[Round "-"]
[White "Lx"]
[Black "lilpawn"]
[Result "1-0"]
[WhiteElo "1100"]
[BlackElo "1108"]

1. e4 Nc6 2. d4 e5 3. Nf3 Bb4+ 4. c3 Bd6 5. Bg5 h6 6. Bxd8 Kxd8 7. Bc4 Na5 8.
Na3 h5 9. dxe5 Bc5 10. Ng5 Rh6 11. Nxf7+ Ke8 12. Nxh6 Nxh6 13. b4 Bxf2+ 14. Kxf2
g5 15. Qxh5+ Nf7 16. Qxf7+ Kd8 17. Qf8# 1-0

[Event "Challenge"]
[Site "http://www.queenalice.com/game.php?id=397264"]
[Date "2008.5.3"]
[Round "-"]
[White "guisinistro"]
[Black "lilpawn"]
[Result "1-0"]
[WhiteElo "1077"]
[BlackElo "1087"]

1. c3 e5 2. d4 d5 3. Nf3 e4 4. Bg5 f6 5. Bf4 Bg4 6. Qa4+ b5 7. Qxb5+ c6 8. Qb7
Bc8 9. Qxa8 exf3 10. Qxb8 g5 11. Bc7 Qd7 12. gxf3 Ne7 13. e4 Kf7 14. exd5 Qxd5
15. Qxa7 Qxf3 16. Bg2 Qxg2 17. Rf1 Qxh2 18. Bxh2 Bh3 19. Bd6 Kg8 20. Bxe7 h6 21.
Qa8 Kh7 22. Bxf8 1-0

[Event "Challenge"]
[Site "http://www.queenalice.com/game.php?id=397311"]
[Date "2008.5.3"]
[Round "-"]
[White "Mehiel"]
[Black "lilpawn"]
[Result "1-0"]
[WhiteElo "1579"]
[BlackElo "1090"]

1. e4 e5 2. Nf3 Nf6 3. Nc3 b5 4. Nxe5 d6 5. Nf3 Bb7 6. Bxb5+ c6 7. Bc4 d5 8.
exd5 cxd5 9. Bb5+ Nc6 10. Bxc6+ Bxc6 11. d4 Bb4 12. Bd2 Qe7+ 13. Ne2 a5 14. c3
Ng4 15. O-O Bb5 16. Re1 Ra6 17. Nf4 Ne3 18. Rxe3 a4 19. Rxe7+ Kxe7 20. Nxd5+ Kd7
21. Nxb4 Rg6 22. g3 Rxg3+ 23. hxg3 h5 24. Ne5+ Ke8 25. Qf3 h4 26. Qxf7+ Kd8 27.
Bg5+ Kc8 28. Bxh4 Rd8 29. Bxd8 Kxd8 30. Re1 Be8 31. Qxg7 a3 32. bxa3 Bh5 33.
Qd7# 1-0

[Event "Let's Play Chess!"]
[Site "http://www.queenalice.com/game.php?id=397313"]
[Date "2008.5.3"]
[Round "-"]
[White "lilpawn"]
[Black "SRIVERO"]
[Result "0-1"]
[WhiteElo "1092"]
[BlackElo "1741"]

1. e4 c5 2. c4 Nc6 3. a4 Nf6 4. h4 Nxe4 5. Nf3 d5 6. cxd5 Qxd5 7. Qe2 Bg4 8. d3
Bxf3 9. gxf3 Nf6 10. Nc3 Qe5 11. f4 Qd4 12. Be3 Qb4 13. Qc2 Nd4 14. Qd2 Nf3+ 15.
Ke2 Nxd2 16. Bxd2 Qxb2 17. Rb1 Qa3 18. Nb5 Qa2 19. Nc7+ Kd7 20. Nxa8 Nd5 21. Rh3
Qxb1 22. Rf3 c4 23. dxc4 Qe4+ 24. Kd1 Qxf3+ 25. Be2 Qb3+ 26. Ke1 Nc3 0-1

[Event "let's go play chess"]
[Site "http://www.queenalice.com/game.php?id=399197"]
[Date "2008.5.7"]
[Round "-"]
[White "llina"]
[Black "lilpawn"]
[Result "1-0"]
[WhiteElo "1549"]
[BlackElo "1088"]

1. d4 d5 2. e3 a5 3. Nc3 Nf6 4. Nf3 Ng4 5. Qe2 Nd7 6. e4 dxe4 7. Qxe4 h5 8. h3
f5 9. Qxf5 e6 10. Qf4 e5 11. dxe5 g5 12. Nxg5 Ngxe5 13. Ne6 Qe7 14. Nxc7+ Kd8
15. Nxa8 Rg8 16. Nd5 Qc5 17. Nac7 Qxc2 18. Qh4+ Be7 19. Qxe7# 1-0

[Event "Challenge"]
[Site "http://www.queenalice.com/game.php?id=399202"]
[Date "2008.5.7"]
[Round "-"]
[White "mmarco"]
[Black "lilpawn"]
[Result "1-0"]
[WhiteElo "1354"]
[BlackElo "1093"]

1. e4 e5 2. Qh5 g6 3. Qxe5+ Qe7 4. Qxh8 Nh6 5. Qd4 c5 6. Qc4 d5 7. Qxd5 f5 8.
Nc3 Be6 9. Qd3 c4 10. Qf3 Ng4 11. Qf4 fxe4 12. d3 cxd3 13. Qxe4 dxc2 14. Qxc2
Qf6 15. Qe4 h5 16. Nh3 Bc5 17. Be3 Ne5 18. Bxc5 Nbc6 19. Nb5 a6 20. Nc7+ Kd8 21.
Nxa8 Bf5 22. Qd5+ Ke8 23. Nc7# 1-0

[Event "Challenge"]
[Site "http://www.queenalice.com/game.php?id=399203"]
[Date "2008.5.7"]
[Round "-"]
[White "lilpawn"]
[Black "mmarco"]
[Result "0-1"]
[WhiteElo "1099"]
[BlackElo "1348"]

1. e4 d5 2. exd5 Qxd5 3. c4 Qf5 4. g4 Qe4+ 5. Ne2 Qxh1 6. Ng3 Qxh2 7. Qf3 Qh6 8.
Nf5 Qg5 9. Nd4 Qe5+ 10. Ne2 e6 11. c5 Qxc5 12. g5 Qxg5 13. Nf4 Nc6 14. Nh5 Nf6
15. Nf4 e5 16. d4 Nxd4 17. Nc3 Nxf3+ 18. Kd1 Qg1 19. Kc2 Bf5+ 20. Nd3 Qxf1 21.
Nd1 Qxd3# 0-1